Broadway Musicals by Opening Number - Statistics

General Stats
  • This quiz has been taken 62 times
  • The average score is 16 of 30
Answer Stats
Hint Answer % Correct
All That Jazz Chicago
88%
Good Morning Baltimore Hairspray
84%
Willkommen Cabaret
82%
I Hope I Get It A Chorus Line
80%
Road To Hell Hadestown
73%
Food, Glorious Food Oliver!
73%
Oh What A Beautiful Mornin’ Oklahoma!
71%
Aquarius Hair
69%
Work Song (aka Look Down) Les Miserables
67%
Jet Song West Side Story
67%
Heaven On Their Minds Jesus Christ Superstar
65%
Anybody Have A Map? Dear Evan Hansen
63%
Maybe Annie
61%
Tradition Fiddler on the Roof
61%
Think Of Me The Phantom of the Opera
61%
Mama Who Bore Me Spring Awakening
59%
A Cautionary Tale Mean Girls
53%
Magic To Do Pippin
51%
Sit Down, John 1776
49%
Four Jews in a Room Bitching Falsettos
49%
Big Bright Beautiful World Shrek: The Musical
41%
Fisch Schlapping Song Spamalot
37%
Larger Than Life & Juliet
35%
Everybody’s Got The Right Assassins
33%
Rock Island The Music Man
31%
Fugue For Tinhorns Guys and Dolls
29%
We Are What We Are La Cage Aux Folles
29%
I Whistle A Happy Tune The King and I
27%
Beautiful Girls Follies
24%
There Is A Sucker Born Ev’ry Minute Barnum
22%
No matching quizzes found
Score Distribution
Percent of People with Each Score
Percentile by Number Answered
Your Score History
You have not taken this quiz